01082nam a2200301Ia 4500001001200000003000800012006001900020007001500039008004100054015001900095020001500114020002200129040002100151035002000172050002300192082001200215245009800227260003300325300001500358533015200373650002500525650001800550655002900568700002000597700002000617710001700637856012600654ebr10069606CaPaEBRm u cr cn|||||||||040726s2005 enk fs 000 0 eng d aGBA4671492bnb z1841509094 z1841501123 (pbk.) aCaPaEBRcCaPaEBR a(OCoLC)5884267514aGN347b.V57 2005eb04a30122200aVisualizing anthropologyh[electronic resource] /cedited by Anna Grimshaw and Amanda Ravetz. aBristol :bIntellect,c2005. axi, 167 p. aElectronic reproduction.bPalo Alto, Calif. :cebrary,d2009.nAvailable via World Wide Web.nAccess may be limited to ebrary affiliated libraries. 0aVisual anthropology. 0aAnthropology. 7aElectronic books.2local1 aGrimshaw, Anna.1 aRavetz, Amanda.2 aebrary, Inc.40uhttp://site.ebrary.com/lib/rucke/Doc?id=10069606zAn electronic book accessible through the World Wide Web; click to view